|
|
|
|
| LEADER |
00000nab a2200000 a 4500 |
| 001 |
vtls000359632 |
| 003 |
SK-MaSNL |
| 005 |
20260302223741.0 |
| 008 |
160202c1989 xo 0 slo |
| 015 |
|
|
|a SNBRB19rr/mm-uuuuu
|
| 035 |
|
|
|a CL0359754
|
| 040 |
|
|
|a SNKBUCL
|b slo
|c SNKBUCL
|e AACR2
|
| 041 |
0 |
|
|a slo
|
| 044 |
|
|
|a xo
|c SK
|
| 080 |
|
|
|a 78.071.2:784.66
|2 1981
|
| 080 |
|
|
|a 784.66
|2 1981
|
| 080 |
|
|
|a 929 Gott, Karel
|2 1981
|
| 100 |
1 |
|
|a Gott, Karel,
|d 1939-2019
|4 aut
|9 98862
|
| 245 |
1 |
0 |
|a Nebudem predstierať, že som rocker
|b Abrahámoviny Karla Gotta
|c Karel Gott, Miloš Skalka
|
| 300 |
|
|
|b Obr. 5.
|
| 600 |
1 |
7 |
|a Gott, Karel,
|d 1939-2019
|2 snkbucl
|9 98862
|
| 655 |
|
7 |
|a články z novín a časopisov
|2 snkbucl
|9 267496
|
| 700 |
1 |
|
|a Skalka, Miloš
|4 aut
|9 476126
|
| 773 |
0 |
|
|t Svet socializmu
|g Č. 29 (1989), s. 8-9
|
| 850 |
|
|
|a Slovenská národná knižnica v Martine
|a MTA001
|
| 852 |
|
|
|a SNK
|b KIS3GCP
|
| 958 |
|
|
|a RK
|
| 958 |
|
|
|a CZ
|
| 992 |
|
|
|a RBX
|
| 999 |
|
|
|c 1521663
|d 1523593
|